| 000 | 01670nam a22001577a 4500 | ||
|---|---|---|---|
| 020 | _a4805875341181 | ||
| 080 | _a81.3 | ||
| 090 | _bМОС | ||
| 100 | _aМоскальская О.И. | ||
| 245 | _aСамоучитель немецкого языка. | ||
| 260 |
_aКиев _bМетодика _c1996 |
||
| 300 | _a464 | ||
| 520 |
_aНастоящий учебник предназначен для лиц, начинающих самостоятельно изучать немецкий язык. Главная цель учебника помочь учащимся овладеть основными правилами произношения и грамматики, а также дать возможность приобрести словарный запас, достаточный для общения и самостоятельного чтения литературы нп немецком языке.
Самоучитель позволяет производить самоконтроль с помощью вопросов и заданий, помещенных в каждом уроке. Для удобства роботы в конце учебника присутствуют ключи к заданиям.
Учебник рекомендуется для учащихся школ, студентов, аспирантов, преподавателей, всех желающих самостоятельно изучать немецкий язык, а также бизнесменов и предпринимателей. _0немецкий язык, практика, самоучитель |
||
| 650 | _aGerman | ||
| 999 |
_c282760 _d282760 |
||
| 942 | _cBK | ||